000 00472nam a2200157 a 4500
005 20140513081050.0
008 020906s19uu xx 00 eng d
020 _a1-919736-13-1
050 _aP 531
_bFOR 2000
245 _aForce.
260 _aJohannesburg, South Africa :
_bThe Chart Studio (Pty) Ltd,
_c2000.
300 _aPoster
520 _aForce is pushing or pulling effect. Some forces are visible and some are invisible.
650 _aForce
999 _c116258
_d116258